01566agaaa2200301 45000010005000000030009000050050017000140070009000310080040000400400023000800410013001031000051001161300027001672400034001942450235002282460027004632500022004902600091005123000034006035080232006375110088008695200104009575380016010615460013010776500053010907000058011437000063012019050IT-RoPAU20220918181225.0d cvaizq50131s9999||||xx ||| | || ||und|| aIT-RoPAUcIT-RoPAU aITALIANO aDe Mille Cecil B.gCodice regista SPICS: 13313 aDIECI COMANDAMENTI (I) aTEN COMMANDMENTS (THE)gT1939 aDIECI COMANDAMENTI (I)cProdotto da: De Mille Cecil B. -- Sceneggiatura: Mackenzie Aeneas Lasky Jesse L. Gariss Jack Frank Frederic M. -- Diretto da: De Mille Cecil B.pDIECI COMANDAMENTI (I) (Rif. Codice opera principale : 29050) aTEN COMMANDMENTS (THE) aEdizione Standard a(USA)bPARAMOUNT / Distribuzione: RAIg"1956 (1° ed.: 1985 ; Ed. Lingua Orig.: 1956)" aVHSbsonoro, col.c220 minuti a"Fotografia: Griggs Loyal; Montaggio: Bauchens Anne; Musica: Bernstein Elmer; Sceneggiatura: Mackenzie Aeneas Lasky Jesse L. Gariss Jack Frank Frederic M.; Scenografia: Pereira Hal Tyler W.; Coreografia: Prinz L. Goodfrey R.; " a"Heston Charlton; Baxter Anne; De; Carlo Yvonne; Derek John; Foch Nina; Carradine " aFILM A COLORI ISPIRATO ALLE SACRE SCRITTURE VITA DI MOSE' RAMESSE LIBERAZIONE DEL POPOLO DI ISRAELE aPAL, STEREO aITALIANO aBIBLICOeFILMS [VHS]xCodice MATERIA SPICS: 9960 aBernstein Elmere(musica)gCodice Musica SPICS: 10759 aDe Mille Cecil B. e(regista)gCodice regista SPICS: 13313